[Event "St Eufemia d'Aspromonte op 3rd"]
[Site "St Eufemia d'Aspromonte"]
[Date "2010.01.04"]
[Round "3"]
[White "Piccoli, Vincenzo"]
[Black "Collutiis, Duilio"]
[Result "0-1"]
[WhiteElo "2016"]
[BlackElo "2429"]
[PlyCount "62"]
[EventDate "2010.01.02"]
[EventType "swiss"]
[EventRounds "7"]
[EventCountry "ITA"]
[SourceTitle "CBM 134 Extra"]
[Source "ChessBase"]
[SourceDate "2010.03.03"]
[SourceVersion "1"]
[SourceVersionDate "2010.03.03"]
[SourceQuality "1"]

1. e4 c5 2. Nf3 Nc6 3. d4 cxd4 4. Nxd4 Qc7 5. Nc3 e6 6. g3 a6 7. Bg2 d6 8. 0-0 Be7 9. Re1 Nf6 10. Nxc6 bxc6 11. e5 dxe5 12. Rxe5 0-0 13. Re1 Bb7 14. Bf4 Qa5 15. Qd4 c5 16. Qa4 Qxa4 17. Nxa4 Bxg2 18. Kxg2 Nd5 19. Bd2 c4 20. Re4 Rac8 21. Rd1 Rfd8 22. Ree1 Rd7 23. Ba5 Rb7 24. Nc3 Nf6 25. b3 h6 26. Ne4 Nd5 27. Rd4 cxb3 28. cxb3 Rb5 29. Ra4 Rxa5 30. Rxa5 Bb4 31. Rc5 Rxc5 0-1

[Event "St Eufemia d'Aspromonte op 3rd"]
[Site "St Eufemia d'Aspromonte"]
[Date "2010.01.03"]
[Round "2"]
[White "Scalise, Sandro"]
[Black "Piccoli, Vincenzo"]
[Result "0-1"]
[WhiteElo "1826"]
[BlackElo "2016"]
[PlyCount "72"]
[EventDate "2010.01.02"]
[EventType "swiss"]
[EventRounds "7"]
[EventCountry "ITA"]
[SourceTitle "CBM 134 Extra"]
[Source "ChessBase"]
[SourceDate "2010.03.03"]
[SourceVersion "1"]
[SourceVersionDate "2010.03.03"]
[SourceQuality "1"]

1. Nf3 Nf6 2. d4 b6 3. c4 e6 4. g3 Bb7 5. Bg2 Be7 6. 0-0 0-0 7. Nc3 Ne4 8. Qc2 Nxc3 9. bxc3 f5 10. Bf4 Be4 11. Qd2 d6 12. Rad1 h6 13. c5 Nd7 14. cxd6 cxd6 15. c4 Rc8 16. c5 dxc5 17. dxc5 Nxc5 18. Qb2 Qe8 19. Be5 Bf6 20. Rd6 Nb7 21. Rd2 Na5 22. Qb4 Bxf3 23. Bxf6 Bxg2 24. Bxg7 Bxf1 25. Bxf8 Bh3 26. Qd4 Rc1+ 27. Rd1 Rxd1+ 28. Qxd1 Kxf8 29. Qd6+ Qe7 30. Qb8+ Kg7 31. Qe5+ Kh7 32. g4 Qc5 33. Qf4 Qc6 34. f3 Qc5+ 35. e3 Qc2 36. Qg3 Qd1+ 0-1

[Event "St Eufemia d'Aspromonte op 3rd"]
[Site "St Eufemia d'Aspromonte"]
[Date "2010.01.02"]
[Round "1"]
[White "Piccoli, Vincenzo"]
[Black "Salvador, Roland"]
[Result "1-0"]
[WhiteElo "2016"]
[BlackElo "2472"]
[PlyCount "61"]
[EventDate "2010.01.02"]
[EventType "swiss"]
[EventRounds "7"]
[EventCountry "ITA"]
[SourceTitle "CBM 134 Extra"]
[Source "ChessBase"]
[SourceDate "2010.03.03"]
[SourceVersion "1"]
[SourceVersionDate "2010.03.03"]
[SourceQuality "1"]

1. e4 c5 2. Nf3 Nc6 3. d4 cxd4 4. Nxd4 e5 5. Nb5 d6 6. N5c3 Nf6 7. Bg5 Be7 8. Bxf6 Bxf6 9. Nd5 Bg5 10. Bc4 0-0 11. 0-0 Kh8 12. Nbc3 Be6 13. Qd3 a6 14. Bb3 f5 15. Rad1 Nd4 16. f3 Rc8 17. Kh1 Bh6 18. Ne2 fxe4 19. fxe4 Nxb3 20. cxb3 Bg4 21. Rde1 Qg5 22. h3 Be6 23. Nec3 Qh4 24. Nb6 Rcd8 25. Rd1 Rf2 26. Nc4 Rdf8 27. Rxf2 Qxf2 28. Nxd6 Bg4 29. hxg4 Be3 30. Nf5 Rxf5 31. Qxe3 1-0

[Event "Filadelfia op 1st"]
[Site "Filadelfia"]
[Date "2009.12.08"]
[Round "6"]
[White "Blasco, Domenico"]
[Black "Piccoli, Vincenzo"]
[Result "0-1"]
[WhiteElo "1968"]
[BlackElo "2014"]
[PlyCount "70"]
[EventDate "2009.12.05"]
[EventType "swiss"]
[EventRounds "7"]
[EventCountry "ITA"]
[SourceTitle "EXT 2012"]
[Source "ChessBase"]
[SourceDate "2011.11.24"]
[SourceVersion "1"]
[SourceVersionDate "2011.11.24"]
[SourceQuality "1"]

1. d4 Nf6 2. Nf3 b6 3. e3 c5 4. Bd3 Bb7 5. 0-0 g6 6. Nbd2 Bg7 7. c3 0-0 8. Qe2 d6 9. Rd1 Nc6 10. a3 Qc7 11. e4 Nd7 12. d5 Nce5 13. Ba6 Rab8 14. Bxb7 Qxb7 15. Nxe5 Bxe5 16. Nf3 Bg7 17. Bf4 Nf6 18. h3 b5 19. g4 h6 20. Rd2 c4 21. Nd4 e5 22. dxe6 Nxe4 23. Rdd1 Rbe8 24. e7 Rxe7 25. Qc2 Rfe8 26. a4 a6 27. axb5 axb5 28. Ra5 Bxd4 29. cxd4 Ng5 30. Be3 Nxh3+ 31. Kh2 Qf3 32. Rd2 Qxg4 33. Qd1 Qh4 34. Kg2 Ng5 35. Qh1 Qe4+ 0-1

[Event "EU-ch U18 19th"]
[Site "Fermo"]
[Date "2009.09.08"]
[Round "8"]
[White "Piccoli, Vincenzo"]
[Black "Ollier, Pablo"]
[Result "0-1"]
[WhiteElo "2007"]
[BlackElo "2226"]
[PlyCount "52"]
[EventDate "2009.08.31"]
[EventType "swiss"]
[EventRounds "9"]
[EventCountry "ITA"]
[SourceTitle "CBM 132 Extra"]
[Source "ChessBase"]
[SourceDate "2009.11.03"]
[SourceVersion "1"]
[SourceVersionDate "2009.11.03"]
[SourceQuality "1"]

1. e4 e6 2. d4 d5 3. Nc3 Bb4 4. e5 c5 5. Qg4 Ne7 6. Nf3 Nbc6 7. Bb5 Nf5 8. 0-0 0-0 9. Bxc6 bxc6 10. Bg5 Qc7 11. dxc5 Bxc5 12. b4 Bb6 13. Na4 Ba6 14. Rfe1 Kh8 15. Nd2 Bb5 16. Nxb6 axb6 17. c4 dxc4 18. Nxc4 h6 19. Be3 Bxc4 20. Qxc4 b5 21. Qc5 Rfd8 22. Rec1 Rd5 23. Qc3 Qxe5 24. Qxc6 Rad8 25. Qb6 R5d6 26. Qc7 Rd1+ 0-1

[Event "EU-ch U18 19th"]
[Site "Fermo"]
[Date "2009.09.04"]
[Round "5"]
[White "Pelagalli, Marco"]
[Black "Piccoli, Vincenzo"]
[Result "0-1"]
[WhiteElo "1836"]
[BlackElo "2007"]
[PlyCount "26"]
[EventDate "2009.08.31"]
[EventType "swiss"]
[EventRounds "9"]
[EventCountry "ITA"]
[SourceTitle "CBM 132 Extra"]
[Source "ChessBase"]
[SourceDate "2009.11.03"]
[SourceVersion "1"]
[SourceVersionDate "2009.11.03"]
[SourceQuality "1"]

1. e4 c5 2. Nc3 a6 3. f4 b5 4. Nf3 Bb7 5. d3 Nf6 6. h3 e6 7. g4 d5 8. e5 Nfd7 9. Bg2 Nc6 10. 0-0 Be7 11. d4 cxd4 12. Nxd4 Nxd4 13. Qxd4 Bc5 0-1

[Event "Campobasso op 16th"]
[Site "Campobasso"]
[Date "2009.07.26"]
[Round "5"]
[White "Piccoli, Vincenzo"]
[Black "Castrogiovanni, Carlo"]
[Result "1-0"]
[WhiteElo "2007"]
[BlackElo "2020"]
[PlyCount "31"]
[EventDate "2009.07.24"]
[EventType "swiss"]
[EventRounds "6"]
[EventCountry "ITA"]
[SourceTitle "EXT 2012"]
[Source "ChessBase"]
[SourceDate "2011.11.24"]
[SourceVersion "1"]
[SourceVersionDate "2011.11.24"]
[SourceQuality "1"]

1. e4 c5 2. Nf3 a6 3. Nc3 e6 4. d4 cxd4 5. Nxd4 Qc7 6. Rg1 Nf6 7. Be3 Be7 8. g4 0-0 9. Bd3 d6 10. Qe2 Nc6 11. g5 Nd7 12. f4 Nxd4 13. Bxd4 b5 14. Qh5 Bb7 15. Rg3 g6 16. Qxh7+ 1-0

[Event "Campobasso op 16th"]
[Site "Campobasso"]
[Date "2009.07.25"]
[Round "3"]
[White "Cordi, Domenico"]
[Black "Piccoli, Vincenzo"]
[Result "1-0"]
[WhiteElo "2060"]
[BlackElo "2007"]
[PlyCount "69"]
[EventDate "2009.07.24"]
[EventType "swiss"]
[EventRounds "6"]
[EventCountry "ITA"]
[SourceTitle "EXT 2012"]
[Source "ChessBase"]
[SourceDate "2011.11.24"]
[SourceVersion "1"]
[SourceVersionDate "2011.11.24"]
[SourceQuality "1"]

1. d4 Nf6 2. c4 e6 3. g3 c5 4. Nf3 cxd4 5. Nxd4 Be7 6. Bg2 0-0 7. 0-0 a6 8. e4 d6 9. Be3 Qc7 10. Qe2 Bd7 11. Nc3 Nc6 12. Rac1 Nxd4 13. Bxd4 Rac8 14. b3 Qb8 15. a4 h6 16. Rfd1 Bc6 17. b4 b6 18. b5 axb5 19. axb5 Ba8 20. e5 Nd7 21. Bxa8 Qxa8 22. exd6 Bxd6 23. Bxg7 Kxg7 24. Rxd6 Qa3 25. Rdd1 Nf6 26. Ne4 Nxe4 27. Qxe4 Rc5 28. Qd4+ Kg8 29. Qd6 Qb3 30. Rd4 Rfc8 31. Rg4+ Kh8 32. Qf4 Rf5 33. Qd4+ f6 34. Qd7 Rg8 35. Rxg8+ 1-0

[Event "Cutro op-A 15th"]
[Site "Cutro"]
[Date "2009.04.25"]
[Round "8"]
[White "Vuelban, Virgilio"]
[Black "Piccoli, Vincenzo"]
[Result "1-0"]
[WhiteElo "2422"]
[BlackElo "2016"]
[PlyCount "57"]
[EventDate "2009.04.18"]
[EventType "swiss"]
[EventRounds "9"]
[EventCountry "ITA"]
[SourceTitle "CBM 129 Extra"]
[Source "ChessBase"]
[SourceDate "2009.05.05"]
[SourceVersion "2"]
[SourceVersionDate "2009.05.20"]
[SourceQuality "1"]

1. e4 c5 2. Nf3 d6 3. d4 cxd4 4. Nxd4 Nf6 5. Nc3 a6 6. Be3 e6 7. Qf3 Nbd7 8. 0-0-0 Qc7 9. Qg3 b5 10. a3 Bb7 11. f3 Ne5 12. Nb3 Rc8 13. Rd2 Nfd7 14. f4 Nc4 15. Bxc4 bxc4 16. Nd4 Nc5 17. e5 dxe5 18. fxe5 Ne4 19. Nxe4 Bxe4 20. c3 g6 21. Qf4 Bd3 22. Qf6 Rg8 23. Nxe6 Qe7 24. Nf4 Qxf6 25. exf6 Bh6 26. Nxd3 Bxe3 27. Re1 Kd8 28. Rxe3 cxd3 29. Rdxd3+ 1-0

[Event "Bagnara Calabra op-A"]
[Site "Bagnara Calabra"]
[Date "2009.01.05"]
[Round "6"]
[White "Piccoli, Vincenzo"]
[Black "Naumkin, Igor"]
[Result "0-1"]
[WhiteElo "2008"]
[BlackElo "2501"]
[PlyCount "82"]
[EventDate "2009.01.02"]
[EventType "swiss"]
[EventRounds "7"]
[EventCountry "ITA"]
[SourceTitle "CBM 128 Extra"]
[Source "ChessBase"]
[SourceDate "2009.03.05"]
[SourceVersion "2"]
[SourceVersionDate "2009.03.25"]
[SourceQuality "1"]

1. e4 e6 2. d4 d5 3. Nc3 Nf6 4. e5 Nfd7 5. Nf3 c5 6. dxc5 Nc6 7. Bf4 Bxc5 8. Bd3 f6 9. exf6 Nxf6 10. 0-0 0-0 11. Bg3 a6 12. Re1 b5 13. Ne5 Nxe5 14. Rxe5 b4 15. Na4 Ba7 16. c3 bxc3 17. Nxc3 Bb8 18. Re2 Bxg3 19. hxg3 Ng4 20. Qc2 h6 21. Qa4 Qg5 22. f3 Ne5 23. f4 Qxg3 24. Rxe5 Qxd3 25. Rd1 Qg3 26. Ne2 Qh4 27. b3 Ra7 28. f5 Qxa4 29. bxa4 Rxf5 30. Rxf5 exf5 31. Rxd5 Be6 32. Rd8+ Kf7 33. Nd4 Rd7 34. Nxe6 Kxe6 35. Re8+ Kf7 36. Rb8 Rd4 37. Rb7+ Kg8 38. Rb8+ Kh7 39. Rf8 Kg6 40. a5 Ra4 41. Rb8 Rxa5 0-1

[Event "Bagnara Calabra op-A"]
[Site "Bagnara Calabra"]
[Date "2009.01.03"]
[Round "2"]
[White "Piccoli, Vincenzo"]
[Black "Serratore, Vincenzo"]
[Result "1-0"]
[WhiteElo "2008"]
[BlackElo "1902"]
[PlyCount "77"]
[EventDate "2009.01.02"]
[EventType "swiss"]
[EventRounds "7"]
[EventCountry "ITA"]
[SourceTitle "CBM 128 Extra"]
[Source "ChessBase"]
[SourceDate "2009.03.05"]
[SourceVersion "2"]
[SourceVersionDate "2009.03.25"]
[SourceQuality "1"]

1. e4 e5 2. Nf3 Nc6 3. Bc4 Bc5 4. c3 Qe7 5. d3 Nf6 6. h3 d6 7. Nbd2 a6 8. Bb3 Ba7 9. Nf1 Na5 10. Bc2 Be6 11. Be3 c5 12. Bg5 h6 13. Bxf6 Qxf6 14. Ne3 0-0 15. 0-0 Nc6 16. Nh2 Qg6 17. Kh1 f6 18. Nf3 Qh5 19. Bb3 Bxb3 20. Qxb3+ Qf7 21. Nd5 b5 22. Nh4 Kh7 23. Qd1 Rac8 24. Nf5 Rfd8 25. Qg4 Rb8 26. Qh4 c4 27. f4 Rb7 28. fxe5 Qg6 29. exf6 Qg5 30. Qxg5 hxg5 31. d4 gxf6 32. Nxf6+ Kg6 33. Rf2 Rf7 34. Raf1 Rdf8 35. Nd5 b4 36. Rf3 g4 37. Rg3 Kh5 38. Rxg4 b3 39. Nf4# 1-0

[Event "Arco op 30th"]
[Site "Arco"]
[Date "2008.10.23"]
[Round "6"]
[White "Piccoli, Vincenzo"]
[Black "Collato, Luca"]
[Result "0-1"]
[WhiteElo "1972"]
[BlackElo "1848"]
[PlyCount "74"]
[EventDate "2008.10.18"]
[EventType "swiss"]
[EventRounds "9"]
[EventCountry "ITA"]
[SourceTitle "CBM 127 Extra"]
[Source "ChessBase"]
[SourceDate "2009.01.08"]
[SourceVersion "2"]
[SourceVersionDate "2009.01.28"]
[SourceQuality "1"]

1. e4 c5 2. Nf3 Nc6 3. d4 cxd4 4. Nxd4 g6 5. Bc4 Bg7 6. Be3 Nf6 7. Nc3 0-0 8. 0-0 d6 9. h3 Ne5 10. Bb3 Nh5 11. Qd2 Kh8 12. Bh6 Bxh6 13. Qxh6 Ng7 14. Kh1 f5 15. Rae1 Qb6 16. exf5 Bxf5 17. Re4 Nf7 18. Bxf7 Rxf7 19. Rh4 g5 20. Qxg5 Rg8 21. Qc1 e5 22. Nd5 Qc5 23. b4 Qxd5 24. c4 Qxd4 25. Rxd4 exd4 26. a4 Ne6 27. Qb2 Rfg7 28. f3 Rxg2 29. Qxg2 Rxg2 30. Kxg2 Bc2 31. Rf2 d3 32. Kf1 Nd4 33. a5 Nxf3 34. c5 d2 35. Rxd2 Nxd2+ 36. Ke2 Nc4 37. a6 b5 0-1

[Event "Arco op 30th"]
[Site "Arco"]
[Date "2008.10.22"]
[Round "5"]
[White "Weinberg, Emanuele"]
[Black "Piccoli, Vincenzo"]
[Result "1/2-1/2"]
[WhiteElo "1861"]
[BlackElo "1972"]
[PlyCount "48"]
[EventDate "2008.10.18"]
[EventType "swiss"]
[EventRounds "9"]
[EventCountry "ITA"]
[SourceTitle "CBM 127 Extra"]
[Source "ChessBase"]
[SourceDate "2009.01.08"]
[SourceVersion "2"]
[SourceVersionDate "2009.01.28"]
[SourceQuality "1"]

1. d4 Nf6 2. c4 e6 3. Nf3 b6 4. g3 Bb7 5. Bg2 Be7 6. Nc3 Ne4 7. Nxe4 Bxe4 8. 0-0 0-0 9. Bf4 d6 10. Nd2 Bxg2 11. Kxg2 Nd7 12. Nf3 c5 13. e4 Qc7 14. d5 e5 15. Bd2 f5 16. Qc2 fxe4 17. Qxe4 g6 18. Qe2 Rf5 19. Bh6 Bf8 20. Bd2 Be7 21. g4 Rf7 22. Bh6 Bf8 23. Bd2 Be7 24. Bh6 Bf8 1/2-1/2

[Event "ITA-ch U20"]
[Site "Bratto"]
[Date "2008.08.26"]
[Round "5"]
[White "Ghedin, Emanuele"]
[Black "Piccoli, Vincenzo"]
[Result "0-1"]
[WhiteElo "1824"]
[BlackElo "1932"]
[PlyCount "62"]
[EventDate "2008.08.22"]
[EventType "swiss"]
[EventRounds "9"]
[EventCountry "ITA"]
[SourceTitle "CBM 126 Extra"]
[Source "ChessBase"]
[SourceDate "2008.11.05"]
[SourceVersion "1"]
[SourceVersionDate "2008.11.05"]
[SourceQuality "1"]

1. d4 Nf6 2. c4 e6 3. Nc3 Bb4 4. Qc2 0-0 5. a3 Bxc3+ 6. Qxc3 Ne4 7. Qc2 f5 8. g3 b6 9. Bg2 Bb7 10. Nf3 a5 11. Ng5 Nd6 12. Bxb7 Nxb7 13. e4 h6 14. Nf3 fxe4 15. Qxe4 Nc6 16. 0-0 Nd6 17. Qg4 Qf6 18. Bf4 Nxc4 19. b3 Nd6 20. Rac1 Rac8 21. d5 exd5 22. Rfe1 Qf5 23. Qh4 g5 24. Qxh6 gxf4 25. Rxc6 Rf6 26. Rxd6 Rxh6 27. Rxh6 fxg3 28. Kg2 Rf8 29. Re7 Qxf3+ 30. Kh3 g2+ 31. Kh4 Rf4+ 0-1

[Event "Locri op 1st"]
[Site "Locri"]
[Date "2007.11.03"]
[Round "4"]
[White "Familari, Giuseppe"]
[Black "Piccoli, Vincenzo"]
[Result "1/2-1/2"]
[WhiteElo "1801"]
[BlackElo "1823"]
[PlyCount "117"]
[EventDate "2007.11.01"]
[EventType "swiss"]
[EventRounds "7"]
[EventCountry "ITA"]
[SourceTitle "EXT 2010"]
[Source "ChessBase"]
[SourceDate "2010.11.25"]
[SourceVersion "1"]
[SourceVersionDate "2010.11.25"]
[SourceQuality "1"]

1. d4 Nf6 2. c4 e6 3. Nc3 Bb4 4. Qc2 b6 5. f3 Bb7 6. e4 c5 7. d5 exd5 8. cxd5 Qe7 9. Bg5 Bxc3+ 10. Qxc3 Nxe4 11. fxe4 Qxg5 12. Nf3 Qg4 13. Qe5+ Kf8 14. Be2 Ba6 15. Nd4 Qh4+ 16. g3 Qe7 17. Qxe7+ Kxe7 18. Nf5+ Kf8 19. Rf1 Bxe2 20. Kxe2 Na6 21. Rf3 Re8 22. Nd6 Re7 23. Raf1 f6 24. Ra3 Nc7 25. Rxa7 Ne8 26. Ra8 h5 27. Kd3 Re5 28. Rb8 h4 29. g4 h3 30. g5 Ke7 31. Rxe8+ Rxe8 32. Nxe8 Kxe8 33. gxf6 g5 34. f7+ Kf8 35. Ke3 b5 36. Rf3 g4 37. Rg3 Rg5 38. Kf4 Rg7 39. Rxg4 Rxf7+ 40. Ke3 Rh7 41. Rg6 Kf7 42. Rg3 Kf6 43. Kf4 Rh4+ 44. Rg4 Rh5 45. e5+ Kf7 46. Rg5 Rh6 47. Kg4 b4 48. Rf5+ Ke7 49. Kg5 Ra6 50. Rf3 Rxa2 51. Rxh3 Rxb2 52. Rh7+ Ke8 53. Rh8+ Kf7 54. Rh7+ Ke8 55. d6 Rg2+ 56. Kf6 Rf2+ 57. Kg5 b3 58. Re7+ Kd8 59. Rh7 1/2-1/2

[Event "Locri op 1st"]
[Site "Locri"]
[Date "2007.11.02"]
[Round "3"]
[White "Djuric, Stefan"]
[Black "Piccoli, Vincenzo"]
[Result "1-0"]
[WhiteElo "2463"]
[BlackElo "1823"]
[PlyCount "45"]
[EventDate "2007.11.01"]
[EventType "swiss"]
[EventRounds "7"]
[EventCountry "ITA"]
[SourceTitle "EXT 2010"]
[Source "ChessBase"]
[SourceDate "2010.11.25"]
[SourceVersion "1"]
[SourceVersionDate "2010.11.25"]
[SourceQuality "1"]

1. e4 c5 2. Nf3 d6 3. d4 cxd4 4. Nxd4 Nf6 5. Nc3 a6 6. f4 Nbd7 7. Nf3 Qc7 8. Bd3 b5 9. 0-0 Bb7 10. Qe1 e6 11. Kh1 b4 12. Nd1 Be7 13. Nf2 Nc5 14. Bd2 Nxd3 15. cxd3 a5 16. Rc1 Qd7 17. e5 Nd5 18. Ne4 Ba6 19. exd6 Bxd6 20. Ne5 Bxe5 21. fxe5 Bxd3 22. Nd6+ Kd8 23. Rxf7 1-0

[Event "Calabria Province-ch"]
[Site "San Fili"]
[Date "2007.06.09"]
[Round "2"]
[White "Piccoli, Vincenzo"]
[Black "Bellisario, Carlo"]
[Result "1-0"]
[WhiteElo "1745"]
[BlackElo "1619"]
[PlyCount "61"]
[EventDate "2007.06.08"]
[EventType "swiss"]
[EventRounds "5"]
[EventCountry "ITA"]
[SourceTitle "EXT 2010"]
[Source "ChessBase"]
[SourceDate "2010.11.25"]
[SourceVersion "1"]
[SourceVersionDate "2010.11.25"]
[SourceQuality "1"]

1. e4 d6 2. d4 Nf6 3. Nc3 g6 4. Bg5 h6 5. Bh4 Bg7 6. Qd2 c6 7. 0-0-0 b5 8. Bd3 b4 9. Nce2 a5 10. f4 Ba6 11. e5 dxe5 12. fxe5 Nd5 13. e6 Bxd3 14. exf7+ Kxf7 15. Qxd3 Bf6 16. Nf3 Nd7 17. Rhf1 Kg7 18. Bg3 Qb6 19. h4 Qb5 20. Qe4 Qa4 21. Kb1 Qb5 22. Rd3 Nc3+ 23. bxc3 bxc3+ 24. Kc1 Qb2+ 25. Kd1 Qa1+ 26. Nc1 c5 27. Ne5 Bxe5 28. Bxe5+ Nf6 29. Bxf6+ exf6 30. Qe7+ Kg8 31. Qe6+ 1-0

[Event "Cutro op-B 13th"]
[Site "Cutro"]
[Date "2007.05.01"]
[Round "9"]
[White "De Rasis, Giovanni"]
[Black "Piccoli, Vincenzo"]
[Result "1-0"]
[WhiteElo "1560"]
[BlackElo "1745"]
[PlyCount "41"]
[EventDate "2007.04.23"]
[EventType "swiss"]
[EventRounds "9"]
[EventCountry "ITA"]
[SourceTitle "EXT 2008"]
[Source "ChessBase"]
[SourceDate "2007.11.25"]
[SourceVersion "1"]
[SourceVersionDate "2007.11.25"]
[SourceQuality "1"]

1. d4 Nf6 2. c4 e6 3. Bg5 h6 4. Bxf6 Qxf6 5. Nf3 Bb4+ 6. Nc3 c5 7. e4 Nc6 8. e5 Qe7 9. d5 exd5 10. Qxd5 0-0 11. 0-0-0 Bxc3 12. bxc3 Re8 13. Bd3 b6 14. h4 Qe6 15. Qe4 f5 16. Qxf5 Qxf5 17. Bxf5 Nxe5 18. Rhe1 d6 19. Bg6 Re6 20. Nxe5 Kf8 21. Be4 1-0

[Event "Cutro op-B 13th"]
[Site "Cutro"]
[Date "2007.04.29"]
[Round "7"]
[White "Piccoli, Vincenzo"]
[Black "Rotunno, Giuseppe"]
[Result "0-1"]
[WhiteElo "1745"]
[BlackElo "1922"]
[PlyCount "102"]
[EventDate "2007.04.23"]
[EventType "swiss"]
[EventRounds "9"]
[EventCountry "ITA"]
[SourceTitle "EXT 2008"]
[Source "ChessBase"]
[SourceDate "2007.11.25"]
[SourceVersion "1"]
[SourceVersionDate "2007.11.25"]
[SourceQuality "1"]

1. d4 d5 2. Nc3 Bf5 3. f3 Bg6 4. Bf4 e6 5. e3 Bd6 6. Bxd6 Qxd6 7. Bd3 Nc6 8. Nge2 Nb4 9. Nf4 Nxd3+ 10. Nxd3 Nf6 11. Qd2 Bxd3 12. Qxd3 a6 13. 0-0-0 b5 14. e4 b4 15. Nxd5 Nxd5 16. exd5 Qxd5 17. Kb1 0-0 18. Rhe1 Rfd8 19. Re5 Qxe5 20. dxe5 Rxd3 21. Rxd3 Kf8 22. Rd7 Rc8 23. Rd4 a5 24. Kc1 Ke7 25. Rh4 h6 26. Rg4 Kf8 27. Rc4 c5 28. Kd2 Rd8+ 29. Ke3 Rd5 30. f4 Ke7 31. c3 Kd7 32. cxb4 axb4 33. Rc2 Kc6 34. Ke4 Rd4+ 35. Ke3 Kd5 36. Rd2 Rxd2 37. Kxd2 Kd4 38. g4 Ke4 39. a4 bxa3 40. bxa3 Kxf4 41. Kc3 Kxe5 42. a4 Kd5 43. a5 Kc6 44. a6 Kb6 45. Kc4 f5 46. gxf5 exf5 47. a7 Kxa7 48. Kxc5 f4 49. Kd4 g5 50. Ke4 Kb6 51. h4 Kc6 0-1